Statistiques concernant Culture Générale - Série 1230

Cliquez ici pour prendre le quiz!

Statistiques générales

  • Ce quiz a été pris 41 fois
  • Le résultat moyen est 5 sur 10

Statistiques - réponses

QuestionRéponse% Correct
Selon la légende, quelle exclamation signifiant "J'ai trouvé !", Archimède aurait-il poussée en découvrant le principe qui porte son nom ?Eurêka
97%
Dans quelle grande ville française se trouve le quartier populaire de Belsunce ?Marseille
74%
Au XIXe siècle, qui est l'auteur des oeuvres regroupées sous le titre “La Comédie humaine” ?Honoré de Balzac
67%
En quelle année furent signés les accords de Genève, qui mirent fin à la guerre d'Indochine ?1954
64%
Dans "le Père Noël est une ordure", qui interprète la chanson "Destinée", sur laquelle Thierry Lhermitte danse un slow avec Christian Clavier ?Guy Marchand
51%
Qui a réalisé le film “L'Aile ou la cuisse” ?Claude Zidi
41%
En 1883, dans quel grand magasin Octave Mouret, héros d'Émile Zola, travaille-t-il ?Au bonheur des dames
33%
Quelle chanteuse a enregistré en duo avec Marc Lavoine le titre “Qu'est-ce que t'es belle” ?Catherine Ringer
31%
Dans le film “Le Quai des brumes”, que répond Michèle Morgan à Jean Gabin quand il lui dit : “T'as d'beaux yeux, tu sais...” ?Embrassez-moi
23%
Quel cinéaste a réalisé le premier volet de la série des “Alien”, en 1979 ?Ridley Scott
18%

Distribution des résultats

Percentile par nombre de réponses

% des personnes avec chaque résultat

Votre développement - résultats

Vous n’avez pas pris ce quiz